000 00527nam a2200205Ia 4500
005 20230120114257.0
008 131103s9999 xx 000 0 und d
020 _cRs.15
040 _aLoreto College
041 _aEnglish
082 _a954.01
_bGHO
100 _aGhoshal,U.N.
245 4 _aThe Agarian System in Ancient India
_cU.N.Ghoshal
260 _aCalcutta
_bUniversity Of Calcutta
_c1986
300 _a123,[7]
650 _aAncient Indian History
651 _aIndia - History
850 _aLCLIB
942 _cBK
999 _c9230
_d59709